000 004900000a22001810004500
003 MACL
005 20160311170110.0
008 160311b xxu||||| |||| 00| 0 eng d
040 _aMACL
_cMACL
041 _aHindi
082 _a891.433
100 _aओम्‍प्रकाश
_945102
245 _aमुद्रिका
260 _bऋषभचरण जैन
_c1982
_aनई दिल्‍ली
350 _a10
650 _aNovel
_945103
942 _cHIN
_k891.433
_2ddc
999 _c27919
_d27919